MARC details
| 000 -CABECERA |
| campo de control de longitud fija |
01793nam a2200481 a 4500 |
| 001 - NÚMERO DE CONTROL |
| campo de control |
000112822 |
| 003 - IDENTIFICADOR DEL NÚMERO DE CONTROL |
| campo de control |
CHAP |
| 005 - FECHA Y HORA DE LA ÚLTIMA TRANSACCIÓN |
| campo de control |
20220329144323.0 |
| 008 - DATOS DE LONGITUD FIJA--INFORMACIÓN GENERAL |
| campo de control de longitud fija |
170111s2016 mx a fsm |||||||spa d |
| 010 ## - NÚMERO DE CONTROL DE LA BIBLIOTECA DEL CONGRESO |
| Número de control de LC |
109283 |
| 011 ## - ENLACE DEL NUMERO DE CONTROL DE LA BIBLIOTECA DEL CONGRESO [OBSOLETO] |
| Número de control de LC |
110255 |
| 040 ## - FUENTE DE LA CATALOGACIÓN |
| Centro/agencia transcriptor |
CHAP |
| 090 ## - LOCALMENTE ASIGNADO TIPO-LC NÚMERO DE CLASIFICACIÓN (OCLC); NÚMERO DE CLASIFICACIÓN LOCAL (RLIN) |
| Número de clasificación (OCLC) (R) ; Numero de clasificación, CALL (RLIN) (NR) |
Tesis |
| 100 1# - ENTRADA PRINCIPAL--NOMBRE DE PERSONA |
| Nombre de persona |
German Vilchis, Gustavo |
| 9 (RLIN) |
131317 |
| 245 10 - MENCIÓN DE TÍTULO |
| Título |
Diversidad genética en colecciones nativas de maíz empleando SNP's / |
| Medio |
[En línea] |
| Mención de responsabilidad, etc. |
por Gustavo German Vilchis. |
| 260 ## - PUBLICACIÓN, DISTRIBUCIÓN, ETC. |
| Lugar de publicación, distribución, etc. |
Chapingo, Méx. : |
| Nombre del editor, distribuidor, etc. |
El autor, |
| Fecha de publicación, distribución, etc. |
2016. |
| 500 ## - NOTA GENERAL |
| Nota general |
Para ver el contenido del material haga clic en la liga |
| 502 ## - NOTA DE TESIS |
| Nota de tesis |
Tesis (M.C. en Biotecnología Agrícola) -- UACH. Departamento de Fitotecnia |
| 590 ## - NOTA LOCAL (RLIN) |
| Nota local |
E11695DGD |
| Procedencia (VM) [OBSOLETO] |
10 |
| Condición del los carretes individuales (VM) [OBSOLETO] |
20170222 |
| -- |
UCH01 |
| -- |
1159 |
| 590 ## - NOTA LOCAL (RLIN) |
| Nota local |
E6096MTM |
| Procedencia (VM) [OBSOLETO] |
05 |
| Condición del los carretes individuales (VM) [OBSOLETO] |
20170216 |
| -- |
UCH01 |
| -- |
1458 |
| 590 ## - NOTA LOCAL (RLIN) |
| Nota local |
E6096MTM |
| Procedencia (VM) [OBSOLETO] |
05 |
| Condición del los carretes individuales (VM) [OBSOLETO] |
20170217 |
| -- |
UCH01 |
| -- |
1015 |
| 590 ## - NOTA LOCAL (RLIN) |
| Nota local |
E6096MTM |
| Procedencia (VM) [OBSOLETO] |
05 |
| Condición del los carretes individuales (VM) [OBSOLETO] |
20170217 |
| -- |
UCH01 |
| -- |
1145 |
| 590 ## - NOTA LOCAL (RLIN) |
| Nota local |
E8697GMM |
| Procedencia (VM) [OBSOLETO] |
05 |
| Condición del los carretes individuales (VM) [OBSOLETO] |
20170111 |
| -- |
UCH01 |
| -- |
1232 |
| 590 ## - NOTA LOCAL (RLIN) |
| Nota local |
E8697GMM |
| Procedencia (VM) [OBSOLETO] |
05 |
| Condición del los carretes individuales (VM) [OBSOLETO] |
20170111 |
| -- |
UCH01 |
| -- |
1244 |
| 590 ## - NOTA LOCAL (RLIN) |
| Nota local |
E8697GMM |
| Procedencia (VM) [OBSOLETO] |
05 |
| Condición del los carretes individuales (VM) [OBSOLETO] |
20170111 |
| -- |
UCH01 |
| -- |
1247 |
| 590 ## - NOTA LOCAL (RLIN) |
| Nota local |
E8697GMM |
| Procedencia (VM) [OBSOLETO] |
05 |
| Condición del los carretes individuales (VM) [OBSOLETO] |
20170111 |
| -- |
UCH01 |
| -- |
1450 |
| 590 ## - NOTA LOCAL (RLIN) |
| Nota local |
E8697GMM |
| Procedencia (VM) [OBSOLETO] |
05 |
| Condición del los carretes individuales (VM) [OBSOLETO] |
20170111 |
| -- |
UCH01 |
| -- |
1451 |
| 590 ## - NOTA LOCAL (RLIN) |
| Nota local |
E8697GMM |
| Procedencia (VM) [OBSOLETO] |
05 |
| Condición del los carretes individuales (VM) [OBSOLETO] |
20170112 |
| -- |
UCH01 |
| -- |
1150 |
| 590 ## - NOTA LOCAL (RLIN) |
| Nota local |
E8697GMM |
| Procedencia (VM) [OBSOLETO] |
05 |
| Condición del los carretes individuales (VM) [OBSOLETO] |
20170112 |
| -- |
UCH01 |
| -- |
1153 |
| 590 ## - NOTA LOCAL (RLIN) |
| Nota local |
E8697GMM |
| Procedencia (VM) [OBSOLETO] |
05 |
| Condición del los carretes individuales (VM) [OBSOLETO] |
20170127 |
| -- |
UCH01 |
| -- |
1200 |
| 590 ## - NOTA LOCAL (RLIN) |
| Nota local |
E8697GMM |
| Procedencia (VM) [OBSOLETO] |
05 |
| Condición del los carretes individuales (VM) [OBSOLETO] |
20170127 |
| -- |
UCH01 |
| -- |
1429 |
| 590 ## - NOTA LOCAL (RLIN) |
| Nota local |
E8697GMM |
| Procedencia (VM) [OBSOLETO] |
05 |
| Condición del los carretes individuales (VM) [OBSOLETO] |
20170206 |
| -- |
UCH01 |
| -- |
0836 |
| 590 ## - NOTA LOCAL (RLIN) |
| Nota local |
E8697GMM |
| Procedencia (VM) [OBSOLETO] |
05 |
| Condición del los carretes individuales (VM) [OBSOLETO] |
20170214 |
| -- |
UCH01 |
| -- |
1124 |
| 650 14 - PUNTO DE ACCESO ADICIONAL DE MATERIA--TÉRMINO DE MATERIA |
| Término de materia o nombre geográfico como elemento de entrada |
Maíz criollo. |
| 9 (RLIN) |
71110 |
| 650 14 - PUNTO DE ACCESO ADICIONAL DE MATERIA--TÉRMINO DE MATERIA |
| Término de materia o nombre geográfico como elemento de entrada |
Maíz |
| Subdivisión general |
Genética. |
| 9 (RLIN) |
70963 |
| 650 14 - PUNTO DE ACCESO ADICIONAL DE MATERIA--TÉRMINO DE MATERIA |
| Término de materia o nombre geográfico como elemento de entrada |
Maíz |
| Subdivisión general |
Mejoramiento. |
| 9 (RLIN) |
71006 |
| 650 14 - PUNTO DE ACCESO ADICIONAL DE MATERIA--TÉRMINO DE MATERIA |
| Término de materia o nombre geográfico como elemento de entrada |
Maíz |
| Subdivisión general |
Variedades. |
| 9 (RLIN) |
71081 |
| 650 14 - PUNTO DE ACCESO ADICIONAL DE MATERIA--TÉRMINO DE MATERIA |
| Término de materia o nombre geográfico como elemento de entrada |
Marcadores genéticos. |
| 9 (RLIN) |
71249 |
| 856 ## - LOCALIZACIÓN Y ACCESO ELECTRÓNICOS |
| Nombre del host |
Finding aid |
| Identificador Uniforme del Recurso |
<a href="http://10.13.5.2/tesis/sist112822.pdf">http://10.13.5.2/tesis/sist112822.pdf</a> |
| Nota pública |
Teclea aquí |
| 901 ## - ELEMENTOS DE DATOS A LOCAL LDA (RLIN) |
| a |
BK |
| 942 ## - ELEMENTOS DE PUNTO DE ACCESO ADICIONAL (KOHA) |
| Tipo de ítem Koha |
Tesis |
| 942 ## - ELEMENTOS DE PUNTO DE ACCESO ADICIONAL (KOHA) |
| Suprimir en OPAC |
0 |